<?xml version="1.0" encoding="UTF-8"?>
<record
    xmlns:xsi="http://www.w3.org/2001/XMLSchema-instance"
    xsi:schemaLocation="http://www.loc.gov/MARC21/slim http://www.loc.gov/standards/marcxml/schema/MARC21slim.xsd"
    xmlns="http://www.loc.gov/MARC21/slim">

  <leader>03411cam a22004694i 4500</leader>
  <controlfield tag="003">PE-LiUPU</controlfield>
  <controlfield tag="005">20250731165439.0</controlfield>
  <controlfield tag="008">160607s2015    pe a   grm    000 0 spa d</controlfield>
  <datafield tag="035" ind1=" " ind2=" ">
    <subfield code="a">(Sirsi) a157096</subfield>
  </datafield>
  <datafield tag="040" ind1=" " ind2=" ">
    <subfield code="a">PE-LiUPU</subfield>
    <subfield code="b">spa</subfield>
    <subfield code="c">PE-LiUPU</subfield>
    <subfield code="e">rda</subfield>
  </datafield>
  <datafield tag="099" ind1=" " ind2=" ">
    <subfield code="a">TF 3</subfield>
    <subfield code="b">V43 2015</subfield>
  </datafield>
  <datafield tag="100" ind1="1" ind2=" ">
    <subfield code="a">Velarde Ruiz, Ruth Yovanny,</subfield>
    <subfield code="e">autor</subfield>
  </datafield>
  <datafield tag="245" ind1="1" ind2=" ">
    <subfield code="a">Violencia de pareja e ideaci&#xF3;n suicida en mujeres de la Instituci&#xF3;n Educativa Adventista 28 de Julio de la Ciudad de Tacna, 2015 /</subfield>
    <subfield code="c">Ruth Yovanny Velarde Ruiz.</subfield>
  </datafield>
  <datafield tag="264" ind1=" " ind2="0">
    <subfield code="c">2015.</subfield>
  </datafield>
  <datafield tag="300" ind1=" " ind2=" ">
    <subfield code="a">91 hojas : </subfield>
    <subfield code="b">ilustraciones;</subfield>
    <subfield code="c">30 cm</subfield>
  </datafield>
  <datafield tag="336" ind1=" " ind2=" ">
    <subfield code="a">text</subfield>
    <subfield code="2">rdacontent</subfield>
  </datafield>
  <datafield tag="337" ind1=" " ind2=" ">
    <subfield code="a">unmediated</subfield>
    <subfield code="2">rdamedia</subfield>
  </datafield>
  <datafield tag="338" ind1=" " ind2=" ">
    <subfield code="a">volume</subfield>
    <subfield code="2">rdacarrier</subfield>
  </datafield>
  <datafield tag="502" ind1=" " ind2=" ">
    <subfield code="a">Tesis</subfield>
    <subfield code="b">(Mg.) -- </subfield>
    <subfield code="c">Universidad Peruana Uni&#xF3;n,</subfield>
    <subfield code="d">2015.</subfield>
  </datafield>
  <datafield tag="504" ind1=" " ind2=" ">
    <subfield code="a">Incluye bibliograf&#xED;a</subfield>
  </datafield>
  <datafield tag="520" ind1="3" ind2=" ">
    <subfield code="a">La presente investigaci&#xF3;n busc&#xF3; establecer la relaci&#xF3;n significativa entre la violencia de pareja e ideaci&#xF3;n suicida en la mujer de la instituci&#xF3;n adventista 28 de Julio, Tacna. El tipo de investigaci&#xF3;n es descriptivo, cuantitativa, correlacionar ya que ha permitido encontrar la relaci&#xF3;n entre las variables. Asimismo el dise&#xF1;o de la investigaci&#xF3;n es no experimental siendo que no se manipul&#xF3; las variables. Adem&#xE1;s esta investigaci&#xF3;n es de corte transversal puesto que los datos fueron recolectados en un momento y tiempo &#xFA;nico, mediante la aplicaci&#xF3;n de los instrumentos "&#xED;ndice de abuso de pareja" autor: Hudson y Mclntosh (1981) adaptado por la autora e "Ideaci&#xF3;n suicida" Autor: Aar&#xF3;n Beck (1970) la fiabilidad global de la escala y de sus dimensiones se valor&#xF3; calculando el &#xED;ndice de la consistencia interna mediante el coeficiente Alpha de Cronbach, junto con el instrumento ideaci&#xF3;n suicida de 20 &#xED;tems en la muestra estudiada es de ,957 que puede ser valorado como indicador de una elevada fiabilidad y de manera similar ocurre con las cuatro dimensiones de la escala. La investigaci&#xF3;n se realiz&#xF3; a 176 mujeres de dicha instituci&#xF3;n que cumplieron los criterios, en los resultados se encontr&#xF3; que hay relaci&#xF3;n significativa entre la violencia de pareja con la ideaci&#xF3;n suicida en las mujeres evaluadas. Seg&#xFA;n la coeficiente de correlaci&#xF3;n de Sperman indica que existe una relaci&#xF3;n significativa entre actitud hacia la muerte y el abuso no f&#xED;sico, es decir cuanto mayor sea la intensidad del abuso no f&#xED;sico mayor ser&#xE1; la actitud hacia la muerte en las mujeres evaluadas. Existe una relaci&#xF3;n altamente significativa entre actitud hacia la muerte y el abuso f&#xED;sico (rho=,372, p&lt;0.01). Es decir cuanto mayor sea la intensidad del abuso f&#xED;sico (violencia sexual, agresividad, percepci&#xF3;n que la pareja act&#xFA;a como si quisiera matarla, entre otros) mayor ser&#xE1; la actitud hacia la muerte en las mujeres evaluadas.</subfield>
  </datafield>
  <datafield tag="526" ind1=" " ind2=" ">
    <subfield code="a">SEG44</subfield>
  </datafield>
  <datafield tag="526" ind1=" " ind2=" ">
    <subfield code="a">SEG26</subfield>
  </datafield>
  <datafield tag="526" ind1=" " ind2=" ">
    <subfield code="a">P151</subfield>
  </datafield>
  <datafield tag="526" ind1=" " ind2=" ">
    <subfield code="a">P150</subfield>
  </datafield>
  <datafield tag="526" ind1=" " ind2=" ">
    <subfield code="a">P149</subfield>
  </datafield>
  <datafield tag="526" ind1=" " ind2=" ">
    <subfield code="a">P146</subfield>
  </datafield>
  <datafield tag="526" ind1=" " ind2=" ">
    <subfield code="a">P145</subfield>
  </datafield>
  <datafield tag="526" ind1=" " ind2=" ">
    <subfield code="a">P126</subfield>
  </datafield>
  <datafield tag="526" ind1=" " ind2=" ">
    <subfield code="a">P125</subfield>
  </datafield>
  <datafield tag="526" ind1=" " ind2=" ">
    <subfield code="a">P92</subfield>
  </datafield>
  <datafield tag="526" ind1=" " ind2=" ">
    <subfield code="a">P75</subfield>
  </datafield>
  <datafield tag="526" ind1=" " ind2=" ">
    <subfield code="a">P74</subfield>
  </datafield>
  <datafield tag="526" ind1=" " ind2=" ">
    <subfield code="a">P27</subfield>
  </datafield>
  <datafield tag="526" ind1=" " ind2=" ">
    <subfield code="a">P15</subfield>
  </datafield>
  <datafield tag="650" ind1="0" ind2="4">
    <subfield code="a">Conducta suicida</subfield>
    <subfield code="x">Violencia en la familia.</subfield>
  </datafield>
  <datafield tag="650" ind1="0" ind2="4">
    <subfield code="a">Escolares</subfield>
    <subfield code="x">Conducta suicida.</subfield>
  </datafield>
  <datafield tag="650" ind1="0" ind2="4">
    <subfield code="a">Mujeres adolescentes</subfield>
    <subfield code="x">Conducta suicida.</subfield>
  </datafield>
  <datafield tag="596" ind1=" " ind2=" ">
    <subfield code="a">1</subfield>
  </datafield>
  <datafield tag="942" ind1=" " ind2=" ">
    <subfield code="2">ddc</subfield>
    <subfield code="c">TESIS</subfield>
  </datafield>
  <datafield tag="999" ind1=" " ind2=" ">
    <subfield code="a">TF 3 V43 2015</subfield>
    <subfield code="w">ALPHANUM</subfield>
    <subfield code="c">9764</subfield>
    <subfield code="i">T01987</subfield>
    <subfield code="l">CCODEBUL3</subfield>
    <subfield code="m">BUL</subfield>
    <subfield code="r">1</subfield>
    <subfield code="s">Y</subfield>
    <subfield code="t">TESIS</subfield>
    <subfield code="u">2016-6-7</subfield>
    <subfield code="x">POSGRADO</subfield>
    <subfield code="P">P54</subfield>
    <subfield code="o">.STAFF. Tesis</subfield>
    <subfield code="d">9764</subfield>
  </datafield>
  <datafield tag="980" ind1=" " ind2=" ">
    <subfield code="8">1</subfield>
    <subfield code="g">ALBERTO SANCHEZ Responsable de Automatizaci&#xF3;n</subfield>
  </datafield>
  <datafield tag="952" ind1=" " ind2=" ">
    <subfield code="r">2022-07-06 00:00:00</subfield>
    <subfield code="l">0</subfield>
    <subfield code="o">TF 3 V43 2015</subfield>
    <subfield code="p">T01987</subfield>
    <subfield code="t">e1</subfield>
    <subfield code="w">2016-06-07</subfield>
    <subfield code="x">PG</subfield>
    <subfield code="y">TESIS</subfield>
    <subfield code="z">Este &#xCD;tem NO se presta por ser Ejemplar #1.</subfield>
    <subfield code="1">0</subfield>
    <subfield code="2">ddc</subfield>
    <subfield code="7">1</subfield>
    <subfield code="8">TESIS</subfield>
    <subfield code="f">P54</subfield>
    <subfield code="a">BUL</subfield>
    <subfield code="b">BUL</subfield>
    <subfield code="c">TESIS</subfield>
    <subfield code="d">2016-06-07</subfield>
  </datafield>
</record>
